Normal view
MARC view
Entry Personal Name
001 - CONTROL NUMBER
- control field: 66857
003 - CONTROL NUMBER IDENTIFIER
- control field: dpl
005 - DATE AND TIME OF LATEST TRANSACTION
- control field: 20240524151039.0
008 - FIXED-LENGTH DATA ELEMENTS
- fixed length control field: 240524|| aca||aabn | a|a d
040 ## - CATALOGING SOURCE
- Original cataloging agency: dpl
- Transcribing agency: dpl
100 ## - HEADING--PERSONAL NAME
- Personal name: Lee, Stephan
670 ## - SOURCE DATA FOUND
- Source citation: Work cat.: (dpl)203240: Lee, Stephan, K-Pop Revolution/, 2023
